IFM Opac

Humanism (Record no. 12520)

MARC details
000 -LEADER
fixed length control field 00290nam a22001337a 4500
082 ## - DEWEY DECIMAL CLASSIFICATION NUMBER
Classification number 211.6 BLA
100 ## - MAIN ENTRY--PERSONAL NAME
Personal name BLACKHAM, H. J
245 ## - TITLE STATEMENT
Title Humanism
260 ## - PUBLICATION, DISTRIBUTION, ETC.
Place of publication, distribution, etc. Middlesex
Name of publisher, distributor, etc. Pnguin Books
Date of publication, distribution, etc. 1968
300 ## - PHYSICAL DESCRIPTION
Extent ix, 234p
Other physical details 18cm.
500 ## - GENERAL NOTE
General note Includes index
650 ## - SUBJECT ADDED ENTRY--TOPICAL TERM
Topical term or geographic name entry element Humanism
942 ## - ADDED ENTRY ELEMENTS (KOHA)
Koha item type Books
Holdings
Withdrawn status Lost status Damaged status Not for loan Home library Current library Shelving location Date acquired Total Checkouts Full call number Barcode Date last seen Price effective from Koha item type
Withdrawn       IFM Main Campus Library IFM Main Campus Library Archival Collection 10/15/2015   211.6 BLA 0000006588 10/15/2015 02/19/2022 Books